00395nam a22001337a 4500003000400000005001700004008004100021040000800062050002000070082001900090245009300109260004900202300001000251OSt20260617094231.0260617b |||||||| |||| 00| 0 eng d cDLC a271.302b R839S a271.302bR839S aSt. Francis Of Assisi:bthe best from all his work/cCompiled and edited by Stephen Rost aNashville:bThomas Nelson Publishers,c1989. a284p.